• 首页
  • 本馆介绍
  • 公告通知
  • 最新文献
  • 馆藏检索
  • 电子资源
  • 读者导购
  • 参考咨询
  • 我的图书馆
  • 登录
  • 详细信息显示
  • 放入我的书架
  • 预约/预借图书
  • 作者相关作品
  • 分类相关作品
  • 丛书相关作品
  • 出版社相关作品

书目信息

  • 表格格式
  • 工作单格式
  • 卡片格式
题名:
瞬间
    
 
作者: 邦达列夫 著 ;李济生 , 贺国安 译
分册:  
出版信息: 上海   上海译文出版社  1983
页数: 238页
开本: 19cm
丛书名:
单 册:
中图分类: I512.11
科图分类:
主题词: 文学
电子资源:
ISBN:
000 00687nam0 2200253 45
001 0183010562
005 20060818174313.59
010    @dCNY0.67
091    @a10188.397
100    @a19950623d1983 em y0chiy0121 ea
101 1  @achi@crus
102    @aCN@b310000
105    @ay z 000cy
200 10 @a瞬间@Ashun jian@f(苏)邦达列夫著@g李济生,贺国安译
210    @a上海@c上海译文出版社@d1983
215    @a238页@d19cm
606 0  @a文学
690    @aI512.11
701  1 @a邦达列夫@Abang da lie fu@4著
702  0 @a李济生@Ali ji sheng@4译
702  0 @a贺国安@Ahe guo an@4译
801  0 @aCN@b上海图书馆@c20060818
801  2 @aCN@bNLC@c20060816
905    @f4@b88451-454@dI512.11@e102
    
    瞬间/(苏)邦达列夫著/李济生,贺国安译.-上海:上海译文出版社,1983
    238页;19cm
    
    
    ISBN :CNY0.67
    
●
相关链接 在E读中查询图书 在五车中查询图书 在当当中查询图书 在豆瓣中查询图书


正题名:瞬间     索取号:I512.11/102         预约/预借

序号 登录号 条形码 馆藏地/架位号 状态 备注
1 0088451   000688740   第二借阅区/ [索取号:I512.11/102] 在馆    
2 0088452   000688786   第二借阅区/ [索取号:I512.11/102] 在馆    
3 0088453   000688777   第二借阅区/ [索取号:I512.11/102] 在馆    
4 0088454   000688759   第二借阅区/ [索取号:I512.11/102] 在馆    
5 0088455   000688768   第一样本阅览室/ [索取号:I512.11/102] 在馆    
6 0457270   204572701   密集书库/ [索取号:I512.11/102] 在馆    
7 0457271   204572710   密集书库/ [索取号:I512.11/102] 在馆    
8 0457272   204572729   密集书库/ [索取号:I512.11/102] 在馆    
9 0469659   204696597   密集书库/ [索取号:I512.11/102] 在馆    
10 0469660   204696604   密集书库/ [索取号:I512.11/102] 在馆    
唐山师范学院图书馆 欢迎您!
大连网信软件有限公司© 版权所有